000 01062nab a2200289 4500
003 BR-BrBNA
005 20240930235538.0
008 240930b bl.||||| |||| 00| 0 por d
040 _aBR-BrBNA
_bpor
072 _aD10 ; H01
100 _aMarzall, Katia
245 _aA atividade de inteligência em defesa agropecuária como ferramenta de apoio ao desenvolvimento e segurança da agropecuária nacional
500 _a5 illus.
650 _aDEFESA VEGETAL
650 _aDEFESA ANIMAL
650 _aANÁLISE DE RISCO
650 _aANÁLISE DE DADOS
650 _aPROCESSAMENTO DA INFORMAÇÃO
650 _aFLUXO DA INFORMAÇÃO
650 _aPLANEJAMENTO ESTRATÉGICO
650 _aGESTÃO
650 _aADMINISTRAÇÃO
650 _aTOMADA DE DECISÃO
773 0 _04945
_9316934
_dBrasília-DF Ministério da Agricultura, Pecuária e Abastecimento . Secretaria de Defesa Agropecuária 2022 -
_o2024-3481
_tRevista da Defesa Agropecuária (Brazil)
_gv. 1(2) p. 36-41; (Jun 2023)
_wBR2024002768
942 _cANA
999 _c327888
_d327888